000 00719nam a2200217Ii 4500
003 JO-AjNU
008 230605s9999||||xx |||||||||||||| ||und||
017 _a2007/2/362
040 _aJO-AjNU
_bara
_erda
_cJO-AjNU
041 _aara
050 1 4 _aPJ6071.Z3934 2007
100 3 _aتاليف زايد ،فهد خليل,
_eauthor
_923875
245 0 0 _aاللغة العربية منهجية وظيفية: مع أسئلة وتمارين للمناقشة
250 _aط2
264 3 1 _aعمان: دار النفائس،2007
300 _a350ص
336 _atext
_btxt
_2rdacontent
337 _aunmediated
_bn
_2rdamedia
338 _avolume
_bnc
_2rdacarrier
650 4 _aاللغة العربية-اللغة
_923876
999 _aA8707
_c12275
_d12275